Answers to essential questions about standards, assessments, grading & reporting

Saved in:
Bibliographic Details
Main Author: GUSKEY, Thomas R.
Format: Book
Language:English
Published: CORWIN Press 2013
Tags: Add Tag
No Tags, Be the first to tag this record!

MARC

LEADER 00000nam a22000007a 4500
008 201210b ||||| |||| 00| 0 eng d
020 |a 9781452235240 
100 |a GUSKEY, Thomas R. 
245 |a Answers to essential questions about standards, assessments, grading & reporting  |c Thomas R. Gus key, Lee Ann Jung  |g xvii, 155p.; ill. 
260 |b CORWIN Press  |c 2013  |h Thousand Oaks, California:  |i 692731   |i 692732  |l LB3060.83 .G97  |m Education – Standards – United States.  |m Grading and marking (Students) – United States. 
942 |a lcc  |c BK  |e Adeniran, F. A.  |f 10/12/2020 
952 |0 0  |1 0  |2 lcc  |4 0  |6 LB306083 G97  |7 0  |9 2228  |a HOL  |b ED  |c LP  |d 2021-04-20  |l 0  |o LB3060.83 .G97  |p 2021-6082  |r 2021-04-20 00:00:00  |w 2021-04-20  |y BK 
952 |0 0  |1 0  |2 lcc  |4 0  |6 LB306083 G97  |7 0  |9 2229  |a HOL  |b HOL  |c LP  |d 2021-04-20  |l 0  |o LB3060.83 .G97  |p 2021-6083  |r 2021-04-20 00:00:00  |w 2021-04-20  |y BK 
999 |c 148  |d 148